| 000 | 00673nam a2200205 a 4500 | ||
|---|---|---|---|
| 005 | 20240224063806.0 | ||
| 008 | 991125s1979 mx 000 0 spa u | ||
| 020 | _a9688220027 | ||
| 035 | _aUPN01000007487 | ||
| 049 | _aSEP | ||
| 050 | 4 |
_aF1221 T9 _bG6.38 |
|
| 100 | 1 | _aGossen, Gary H. | |
| 245 | 1 | 4 |
_aLos chamulas en el mundo del sol : _btiempo y espacio en una tradición oral maya / _cGary H. Gossen ; tr. de Celia Paschero. |
| 260 |
_aMéxico : _bINI, _c1979. |
||
| 300 |
_a450 p. : _bil. |
||
| 440 | 0 |
_aINI. _pAntropología social ; _v58 |
|
| 650 | 4 |
_aMayas _xVida social y costumbres _912451 |
|
| 650 | 7 |
_aTzotziles _xVida social y costumbres _2 _98412 |
|
| 905 | _aLibro | ||
| 999 |
_c7487 _d7487 |
||